000 01596nam a2200445 c 4500
001 21025
003 ES-MaCES
005 20141221122713.0
008 080417s2008 sp t 000 | spa d
017 _aM 3817-2008
_bDL
020 _a9788497258715
035 _aCES20080003520m
040 _aES-MaCES
_bspa
_cES-MaCES
245 0 0 _aComentarios al Estatuto Básico del Empleado Público
_cdirección, Salvador del Rey Guanter ; coordinación, Manuel Férez Fernández, Esther Sánchez Torres
250 _a1ª ed
260 _aLas Rozas (Madrid)
_bLa Ley
_c2008
300 _a1063 p.
_c25 cm
490 1 _aManuales profesionales La Ley
500 _aIncluye (p. 1003-1048): Ley 7/2007, de 12 de abril, del Estatuto del Empleado Público
500 _aÍndices
504 _aBibliografía: p. 977-988
541 _cCompra
650 4 _afunción pública
_927225
650 4 _afuncionario
_927224
650 4 _acondiciones de trabajo
_928327
650 4 _acondiciones de empleo
_930040
650 4 _aderecho del trabajo
_927165
650 4 _aEspaña
_926964
650 4 _alegislación del trabajo
_927166
650 4 _atexto
_929624
650 4 _acomentario
_928971
653 1 0 _aDerecho del trabajo y Seguridad Social
700 1 _aRey Guanter, Salvador del
_edir.
_921969
700 1 _aSánchez Torres, Esther
_ecol.
_923346
710 1 _aEspaña
_tLey del Estatuto básico del empleado público
_d2007
_92954
830 0 _aManuales profesionales La Ley
_934347
902 _aLIB Libro
942 _2CES
_cBK
_h6.0.1.
999 _c21025
_d21025